Le grand désert, ou Itinéraire d'une caravane du Sahara au pays des Nègres (royaume de Haoussa) / (Record no. 48398)

MARC details
000 -LEADER
campo de control de longitud fija 00634nam a2200193 i 4500
001 - NÚMERO DE CONTROL
campo de control 48398
003 - IDENTIFICADOR DE NÚMERO DE CONTROL
campo de control ES-MaACL
005 - FECHA Y HORA DE LA ÚLTIMA TRANSACCIÓN
campo de control 20230906161738.0
007 - CAMPO FIJO DE DESCRIPCIÓN FÍSICA--INFORMACIÓN GENERAL
campo de control de longitud fija t|
008 - DATOS DE LONGITUD FIJA--INFORMACIÓN GENERAL
campo de control de longitud fija 030819s1860 fr |||| | fre d
100 1# - ENTRADA PRINCIPAL--NOMBRE DE PERSONA
Nombre de persona Daumas, Eugène.
9 (RLIN) 42820
245 13 - MENCIÓN DEL TÍTULO
Título Le grand désert, ou Itinéraire d'une caravane du Sahara au pays des Nègres (royaume de Haoussa) /
Mención de responsabilidad, etc. par Eugène Daumas et Ausone de Chancel.
250 ## - MENCION DE EDICION
Mención de edición 4e éd.
260 ## - PUBLICACIÓN, DISTRIBUCIÓN, ETC.
Lugar de publicación, distribución, etc. Paris :
Nombre del editor, distribuidor, etc. Michel Lévy Frères,
Fecha de publicación, distribución, etc. 1860.
300 ## - DESCRIPCIÓN FÍSICA
Extensión XII, 344 p. ;
Dimensiones 18 cm.
651 #4 - PUNTO DE ACCESO ADICIONAL DE MATERIA--NOMBRE GEOGRÁFICO
Nombre geográfico Sahara-
Subdivisión general Descripción.
9 (RLIN) 137377
700 1# - ENTRADA AGREGADA--NOMBRE PERSONAL
Nombre de persona Chancel, Ansone de.
9 (RLIN) 171278
852 ## - LOCALIZACIÓN
Ubicación ES-MaACL
Número de control de estantería D-1969
Holdings
Estatus retirado Estado de pérdida Estado de daño No para préstamo Colección Biblioteca de origen Biblioteca actual Ubicación en estantería Fecha de adquisición Fuente de adquisición Total de préstamos Signatura topográfica completa Código de barras Visto por última vez Precio de reemplazo Tipo de ítem Koha
        Libros del s. XIX Biblioteca del Ateneo de Madrid Biblioteca del Ateneo de Madrid Sala Valle Inclán 17/01/2008     D-1969 901050933 23/02/2023 23/02/2023 Libro impreso antiguo